El decimo hombre / (Registro nro. 30699)

Detalles MARC
000 -LÍDER
campo de control de longitud fija 01500nam a22002417a 4500
005 - FECHA Y HORA DE LA ÚLTIMA
campo de control 20240228142617.0
008 - ELEMENTOS DE DATOS DE LONGITUD FIJA - INFORMACIÓN GENERAL
campo de control de longitud fija 240228b |||||||| |||| 00| 0 eng d
020 ## - NÚMERO INTERNACIONAL NORMALIZADO DEL LIBRO
Número de libro estándar internacional 9586141136
037 ## - FUENTE DE ADQUISICIÓN
Materials specified Donación
040 ## - FUENTE DE CATALOGACIÓN
Agencia de catalogación original CO-JMCR
Agencia de transcripción CO-JMCR
Agencia modificadora CO-JMCR
Convenciones de descripción rda
041 ## - CÓDIGO DE IDIOMA
Código de idioma del texto/pista de sonido o título independiente spa
082 ## - NÚMERO DE CLASIFICACIÓN DECIMAL DEWEY
Número de clasificación A-N
Número de artículo GREd
100 ## - ENTRADA PRINCIPAL - NOMBRE PERSONAL
Nombre personal Greene, Graham
Término relativo autor
9 (RLIN) 7151
245 ## - DECLARACIÓN DEL TÍTULO
Título El decimo hombre /
Declaración de responsabilidad, etc. Graham Greene
246 ## - FORMA VARIABLE DEL TÍTULO
Título propiamente dicho/título corto The tenth man
260 ## - PUBLICACIÓN, DISTRIBUCIÓN, ETC.
Lugar de publicación, distribución, etc. Bogotá:
Nombre del editor, distribuidor, etc. Seix Barral,
Fecha de publicación, distribución, etc. 1985
300 ## - DESCRIPCIÓN FÍSICA
Medida 154 páginas;
Dimensiones 19 cm.
520 ## - RESUMEN, ETC.
Resumen, etc Situada en la convulsa época que va de la ocupación alemana a los primeros años de la Francia liberada, El décimo hombre es una de las muestras más brillantes de la combinación de intriga, fuerza expresiva y brillantez de las tramas que caracteriza las mejores obras de Greene. Todo empieza en este caso cuando, en represalia por un atentado de la Resistencia, un celador nazi comunica a los reos que a la mañana siguiente tres de ellos serán ejecutados, y serán los presos quienes deberán elegir a las víctimas. Empieza entonces una negociación entre los presos que se resuelve inicialmente con un cambio de identidad. Pero años más tarde, ya en libertad, el encuentro de dos supervivientes provoca una situación paradójica en la que ambos personajes se enfrentan a la disyuntiva entre el olvido y la justicia.
650 ## - ENTRADA AÑADIDA DE ASUNTO - TÉRMINO TEMÁTICO
Fuente del encabezado o término JMCR
-- Novela negra
9 (RLIN) 215
650 ## - ENTRADA AÑADIDA DE ASUNTO - TÉRMINO TEMÁTICO
Fuente del encabezado o término JMCR
-- Novela policiaca
9 (RLIN) 214
650 ## - ENTRADA AÑADIDA DE ASUNTO - TÉRMINO TEMÁTICO
Fuente del encabezado o término identidad del yo
Subdivisión general Novela
9 (RLIN) 43520
942 ## - ELEMENTOS DE ENTRADA AÑADIDOS (KOHA)
Source of classification or shelving scheme Dewey Decimal Classification
Tipo de artículo Koha Books
999 ## -
-- 30699
-- 17083
Existencias
Estado retirado